000 00693nam a2200205Ia 4500
005 20260121110309.0
008 008 260114s9999 xx 000 0 hin d
020 _a9788132356684
037 _aEBOOK
040 _aCRL
_bhin
_cCRL
041 _ahin
_2hin
084 _qCRL
100 _aरवीश चंदर / Ravish Chander
_9944454
245 0 _aभारतीय संस्कृति के विभिन्न तत्व / Bhartiya Sanskriti ke Vibhinn Tatva
260 _bभाषा प्रकाशन / Bhasha Prakashan
_c2021
856 _uhttps://bhashaprakashan.com/product-details/378809
942 _cEBOOK
999 _c1536118
_d1536118